Science Quiz

Random Science Quiz

Species of Crocodilia Quiz Stats

Quiz not verified by Sporcle

Challenge
Share
Tweet
Embed
Score 0/23 Timer 10:00
0 Plays Today
Family Species % Correct
AlligatoridaeAmerican alligator
94%
CrocodylinaeNile crocodile
92%
CrocodylinaeSaltwater crocodile
92%
GavialidaeGharial
83%
AlligatoridaeChinese alligator
79%
AlligatoridaeBlack caiman
76%
CrocodylinaeAmerican crocodile
71%
AlligatoridaeSpectacled caiman
66%
CrocodylinaeMugger crocodile
62%
CrocodylinaeFreshwater crocodile
60%
GavialidaeFalse gharial
58%
CrocodylinaeDwarf crocodile
49%
Family Species % Correct
CrocodylinaeCuban crocodile
46%
CrocodylinaeOrinoco crocodile
37%
AlligatoridaeCuvier's dwarf caiman
36%
CrocodylinaeMorelet's crocodile
34%
CrocodylinaeSiamese crocodile
34%
CrocodylinaeSlender-snouted crocodile
32%
CrocodylinaePhilippine crocodile
31%
CrocodylinaeNew Guinea crocodile
29%
AlligatoridaeYacare caiman
25%
AlligatoridaeBroad-snouted caiman
24%
AlligatoridaeSmooth-fronted caiman
21%

You're not logged in!

Compare scores with friends on all Sporcle quizzes.
Sign Up with Email
OR
Log In

You Might Also Like...

Show Comments

Extras

Top Quizzes Today


Score Distribution

Your Account Isn't Verified!

In order to create a playlist on Sporcle, you need to verify the email address you used during registration. Go to your Sporcle Settings to finish the process.